Manual operasi pemadaman kebakaran hutan dan tanah gambut

Bibliographic Details
Format: Book
Published: Kuala Lumpur : JBPM , 2013
Subjects:

MARC

LEADER 00000cam a2200000 7i4500
001 0000004188
005 20190110.0
020 0 0 |a 1560220732 
090 0 0 |a 363.379   |b FIRE 2013 
245 0 0 |a Manual operasi pemadaman kebakaran hutan dan tanah gambut   |c Jabatan Bomba dan Penyelamat Malaysia 
260 0 0 |a Kuala Lumpur :   |b JBPM ,   |c 2013 
300 |a 170 p. :   |b ill.,col ;   |c 21 cm. 
650 0 0 |a Fire ecology 
650 0 0 |a Fire risk assessment 
650 0 0 |a Peat swamp 
998 |a JPSM 
999 |a 008079   |b Monograph   |c Open Shelf   |e Default branch